000 nam a22 7a 4500
999 _c25915
_d25915
008 170201b xxu||||| |||| 00| 0 eng d
020 _a0072350768
050 _aLB 1051 .T35 2000
245 _aTaking sides :
_bclashing views on controversial issues in educational psychology/
_cedited by Leonard Abbeduto
260 _aGuilford, Conn. :
_bDushkin/McGraw-Hill,
_c©2000.
300 _axix, 384 pages ; 24 cm
650 _aEducational psychology.
650 _aLearning, Psychology of.
942 _2lcc
_cBOOKS
_hLB 1051 .T35 2000